| 000 | 00990nas a2200337 4500 | ||
|---|---|---|---|
| 001 | BR2017002928 | ||
| 003 | BR-BrBNA | ||
| 005 | 20231205131122.0 | ||
| 007 | ta | ||
| 008 | 230509b bl.|||p| |||| 00| 00por d | ||
| 040 |
_aBR-BrBNA _bpor _cBiblioteca Nacional de Agricultura |
||
| 041 | _a(En) | ||
| 072 | _aM12 | ||
| 100 | 1 | _aRodrigues, M.L. | |
| 100 | 1 | _aSanchez, M.S. dos S. | |
| 100 | 1 | _aDamasceno, D.Z. | |
| 100 | 1 | _aBittencourt, F. | |
| 100 | 1 | _aReidel, A. | |
| 100 | 1 | _aBarrero, N.M.L. | |
| 100 | 1 | _aSignor, A. | |
| 245 | 1 | _aReproductive performance of silver catfish fed sorghum diets supplemented with phytase | |
| 650 | _aBAGRE | ||
| 650 | _aPEIXE DE ÁGUA DOCE | ||
| 650 | _aDIETA | ||
| 650 | _aSORGO | ||
| 650 | _aHISTOLOGIA | ||
| 650 | _aREPRODUÇÃO ANIMAL | ||
| 773 | 0 |
_tPesquisa Agropecuária Brasileira (Brazil) _xISSN 0100-204X _g(Aug 2017), v. 52(8) p. 623-632 _wBR2017002928 |
|
| 909 |
_a202311 _bLúcia _c55 _dLúcia Elande |
||
| 942 |
_2AGRIS _n0 _cANA |
||
| 999 |
_c253113 _d253113 |
||